000 004310000a22001330004500
090 _aAR
_b04808
100 1 _aBarreto, Mauricio
_998968
700 1 _aBarreto, Pablo
_998969
700 1 _aAlessandro, A.
_998970
245 1 0 _aPredation on Rhodnius prolixus (Hymenoptera: Reduviidae) by the spider Theridion rufipes (Araneida: Theridiidae)
041 0 _aInglés
942 _cARTICULO
773 1 _tJ. Med. Entomol.
_h1
_q115-116
_d1987
_g24
999 _c13909
_d13909